[Event "European Rapid 2022"]
[Site "Katowice POL"]
[Date "2022.12.17"]
[Round "1.1"]
[White "Dwilewicz, Agata"]
[Black "Navara, David"]
[Result "0-1"]
[BlackTitle "GM"]
[WhiteElo "1769"]
[BlackElo "2684"]
[WhiteFideId "1163965"]
[BlackFideId "309095"]
[EventDate "2022.12.17"]

1. d4 Nf6 2. Nf3 e6 3. g3 c5 4. c3 d5 5. Bg2 Nc6 6. O-O Be7 7. dxc5 Bxc5 8. b4
Bd6 9. b5 Na5 10. Ba3 O-O 11. Bxd6 Qxd6 12. Qa4 b6 13. Nbd2 Bd7 14. c4 a6 15.
Rfd1 axb5 16. cxb5 Rfc8 17. Rac1 Rc5 18. Rxc5 Qxc5 19. Rb1 Rc8 20. h3 h6 21. e3
Be8 22. Bf1 Qc3 23. Qb4 Qxb4 24. Rxb4 Rc2 25. a3 Ra2 26. a4 Nb7 27. e4 Nc5 28.
exd5 Nxd5 29. Rd4 Nxa4 30. Bc4 Ra1+ 31. Kg2 Nac3 32. Ne5 Nxb5 33. Rd3 Nbc3 34.
Nb3 Ra4 35. Nd2 f6 36. Nef3 Bg6 37. Rd4 b5 38. Bb3 Ra3 39. h4 Ne2 40. Rg4 Bf5
41. Rd4 Nxd4 42. Nxd4 Bg4 43. Nxb5 Ra6 44. Nd4 Nc7 45. f3 Rd6 46. fxg4 Rxd4 47.
Nc4 Rxg4 48. Kf3 Rd4 49. Ke3 Rd8 50. Ke4 Kf7 51. Ne3 Nb5 52. Bc2 Rd2 53. Bb3 Nd4
54. Ba4 f5+ 55. Ke5 g5 56. hxg5 hxg5 57. Nc4 Nf3# 0-1

[Event "European Rapid 2022"]
[Site "Katowice POL"]
[Date "2022.12.17"]
[Round "1.2"]
[White "Grandelius, Nils"]
[Black "Paluska, Karol"]
[Result "1-0"]
[WhiteTitle "GM"]
[WhiteElo "2660"]
[BlackElo "1933"]
[WhiteFideId "1710400"]
[BlackFideId "73617121"]
[EventDate "2022.12.17"]

1. e4 c6 2. d4 d5 3. exd5 cxd5 4. Bd3 Nc6 5. c3 Nf6 6. h3 e6 7. Nf3 Bd6 8. O-O
h6 9. Re1 Qc7 10. Qe2 Nd7 11. c4 dxc4 12. Bxc4 Na5 13. Bd3 Nf6 14. Nc3 Bd7 15.
Ne5 O-O 16. Bf4 a6 17. Qe3 Nc6 18. Bxh6 Nxe5 19. dxe5 Bxe5 20. Qg5 Nh7 21. Bxh7+
Kxh7 22. Rxe5 gxh6 23. Qe3 Rg8 24. Ne2 Bc6 25. Nf4 Rg7 26. Rh5 Rag8 27. f3 Rg5
28. Rd1 e5 29. Rxg5 Rxg5 30. Nd5 Bxd5 31. Rxd5 Kg7 32. h4 Rf5 33. Kf2 Qe7 34. g3
Qf6 35. Kg2 e4 36. Rxf5 Qxf5 37. Qxe4 Qb5 38. b3 b6 39. g4 Qc5 40. Qc4 Qa5 41.
Qd4+ Kh7 42. a4 Qe1 43. Qe4+ Qxe4 44. fxe4 Kg6 45. Kf3 Kf6 46. Kf4 Ke6 47. e5
Kd5 48. Kf5 b5 49. axb5 axb5 50. g5 hxg5 51. hxg5 Kd4 52. e6 fxe6+ 53. Kxe6 Kc3
54. g6 Kxb3 55. g7 1-0

[Event "European Rapid 2022"]
[Site "Katowice POL"]
[Date "2022.12.17"]
[Round "1.4"]
[White "Svane, Rasmus"]
[Black "Swiech, Joanna"]
[Result "1-0"]
[WhiteTitle "GM"]
[WhiteElo "2622"]
[BlackElo "1820"]
[WhiteFideId "4657101"]
[BlackFideId "1183486"]
[EventDate "2022.12.17"]

1. Nf3 d5 2. g3 Nf6 3. Bg2 e6 4. O-O Bd6 5. c4 O-O 6. d4 b6 7. Nc3 c6 8. Nd2 Bb7
9. e4 dxe4 10. Ndxe4 Nxe4 11. Nxe4 Qe7 12. Bg5 Qc7 13. Nf6+ gxf6 14. Bxf6 1-0

[Event "European Rapid 2022"]
[Site "Katowice POL"]
[Date "2022.12.17"]
[Round "1.5"]
[White "Ivanov, Vladimir A."]
[Black "Lagarde, Maxime"]
[Result "0-1"]
[BlackTitle "GM"]
[WhiteElo "1881"]
[BlackElo "2584"]
[WhiteFideId "14105250"]
[BlackFideId "662399"]
[EventDate "2022.12.17"]

1. e4 c5 2. Nf3 d6 3. c4 e5 4. Nc3 Nc6 5. d3 g6 6. Be2 Bg7 7. Bg5 f6 8. Be3 Nge7
9. Qd2 h6 10. Nd5 f5 11. g3 Be6 12. h4 Nd4 13. b4 b6 14. h5 Nxf3+ 15. Bxf3 Bxd5
16. exd5 f4 17. Bxc5 bxc5 18. bxc5 e4 19. Qxf4 exf3 20. Rb1 g5 21. Qxf3 Rf8 22.
Qe4 Qa5+ 23. Kf1 Qxa2 24. Qe1 Bd4 25. Rh2 Bxf2 26. Rxf2 Rxf2+ 27. Qxf2 Qxb1+ 28.
Kg2 Rb8 29. Qd4 Rb2+ 30. Kh3 Qf1+ 0-1

[Event "European Rapid 2022"]
[Site "Katowice POL"]
[Date "2022.12.17"]
[Round "1.8"]
[White "Hovhannisyan, Robert"]
[Black "Stadlinger, Lea"]
[Result "1-0"]
[WhiteTitle "GM"]
[WhiteElo "2597"]
[BlackElo "1837"]
[WhiteFideId "13302507"]
[BlackFideId "1656848"]
[EventDate "2022.12.17"]

1. e4 e5 2. Nf3 Nc6 3. Bb5 a6 4. Ba4 Nf6 5. O-O b5 6. Bb3 Be7 7. d4 d6 8. dxe5
dxe5 9. Qxd8+ Bxd8 10. a4 Bb7 11. axb5 axb5 12. Rxa8 Bxa8 13. Nc3 b4 14. Nd5 O-O
15. Nxf6+ Bxf6 16. Bd2 Rb8 17. Ra1 Nd4 18. Nxd4 exd4 19. Ra7 Bxe4 20. Rxc7 Bg6
21. Bxb4 h6 22. c3 dxc3 23. bxc3 Bxc3 24. Rxc3 Rxb4 25. f3 Rb7 26. Kf2 Re7 27.
g4 Kh7 28. Rc5 f6 29. h4 Bf7 30. Bc2+ g6 31. h5 Kg7 32. hxg6 Bxg6 33. Bb3 Rb7
34. Bd5 Re7 35. Bc4 Rb7 36. Kg3 Re7 37. Ra5 Rc7 38. Be6 Re7 39. Bc4 Rc7 40. Bd5
Re7 41. Kf4 h5 42. gxh5 Bxh5 43. Ra1 Bf7 1-0

[Event "European Rapid 2022"]
[Site "Katowice POL"]
[Date "2022.12.17"]
[Round "1.9"]
[White "Gora, Tomasz"]
[Black "Fridman, Daniel"]
[Result "0-1"]
[BlackTitle "GM"]
[WhiteElo "1834"]
[BlackElo "2602"]
[WhiteFideId "1174711"]
[BlackFideId "11600454"]
[EventDate "2022.12.17"]

1. d4 d5 2. c4 e6 3. Nf3 Nf6 4. Nc3 c6 5. Bg5 dxc4 6. e3 b5 7. Be2 Bb7 8. O-O
Nbd7 9. a4 a6 10. Qc2 Be7 11. b3 b4 12. Ne4 c3 13. Rad1 O-O 14. Bf4 Nxe4 15.
Qxe4 Nf6 16. Qe5 Rc8 17. h3 Qd5 18. Bc4 Qxe5 19. Nxe5 Rfd8 20. f3 c5 21. Kf2 Nd5
22. Bh2 cxd4 23. exd4 Bg5 24. Nd3 Ne3 25. Nxb4 a5 26. Na2 Nxd1+ 27. Rxd1 c2 28.
Re1 Rxd4 29. Ke2 Rd2+ 30. Kf1 Rxc4 31. bxc4 Ba6 32. f4 Bxc4+ 33. Kg1 Rd1 34. Kf2
Bxa2 0-1

[Event "European Rapid 2022"]
[Site "Katowice POL"]
[Date "2022.12.17"]
[Round "1.10"]
[White "Santos Latasa, Jaime"]
[Black "Owoc, Jakub"]
[Result "1-0"]
[WhiteTitle "GM"]
[WhiteElo "2668"]
[BlackElo "1837"]
[WhiteFideId "2293307"]
[BlackFideId "21833206"]
[EventDate "2022.12.17"]

1. Nf3 Nf6 2. c4 g6 3. Nc3 Bg7 4. e4 d6 5. d4 O-O 6. Be2 Nbd7 7. Be3 e5 8. d5
Qe7 9. Nd2 c5 10. g4 Kh8 11. h4 Ng8 12. Nf3 f5 13. g5 f4 14. Bd2 h5 15. a3 b6
16. Nh2 Qf7 17. Nb5 1-0

[Event "European Rapid 2022"]
[Site "Katowice POL"]
[Date "2022.12.17"]
[Round "1.11"]
[White "Kania, Franciszek"]
[Black "Deac, Bogdan-Daniel"]
[Result "0-1"]
[BlackTitle "GM"]
[WhiteElo "1841"]
[BlackElo "2700"]
[WhiteFideId "21034362"]
[BlackFideId "1226380"]
[EventDate "2022.12.17"]

1. c4 g6 2. Nc3 c5 3. g3 Bg7 4. Bg2 Nc6 5. d3 e6 6. e4 Nge7 7. Nge2 d6 8. O-O
O-O 9. Be3 Nd4 10. Qd2 Re8 11. h3 a6 12. Rab1 Bd7 13. b4 b6 14. a3 Nec6 15. f4
Rb8 16. b5 axb5 17. cxb5 Ne7 18. g4 Ra8 19. a4 Nxe2+ 20. Nxe2 Rxa4 21. d4 Qc7
22. Rfd1 c4 23. Nc3 Ra3 24. Ra1 Rea8 25. Rab1 R8a5 26. Rb4 d5 27. e5 Ra1 28.
Rxa1 Rxa1+ 29. Kh2 Qa7 30. f5 gxf5 31. Bg5 Be8 32. Bf6 Bxf6 33. Qh6 Bg7 34. Qg5
h6 35. Qh4 fxg4 36. hxg4 Ng6 37. Qg3 Qa5 38. Rb1 Ra3 39. Rc1 Bf8 0-1

[Event "European Rapid 2022"]
[Site "Katowice POL"]
[Date "2022.12.17"]
[Round "1.13"]
[White "Bukala, Weronika"]
[Black "Ziska, Helgi Dam"]
[Result "0-1"]
[BlackTitle "GM"]
[WhiteElo "1847"]
[BlackElo "2546"]
[WhiteFideId "21859515"]
[BlackFideId "7200595"]
[EventDate "2022.12.17"]

1. e4 c5 2. Nf3 d6 3. c3 Nf6 4. h3 g6 5. Bd3 Bg7 6. O-O O-O 7. Bc2 e5 8. d4 exd4
9. cxd4 Nc6 10. Nc3 cxd4 11. Nxd4 d5 12. Nxc6 bxc6 13. exd5 Nxd5 14. Nxd5 cxd5
15. Rb1 Bb7 16. Re1 Re8 17. Rxe8+ Qxe8 18. Bf4 d4 19. Qf1 Bd5 20. b3 a5 21. Bd3
a4 22. Re1 Qd8 23. Bb5 axb3 24. axb3 Qa5 25. Be5 Bxb3 26. Bxg7 Kxg7 27. Re4 Qc3
28. Qd3 Ra1+ 29. Kh2 Qxd3 30. Bxd3 Rd1 31. Bb5 Kf6 32. Kg3 Bc2 33. Re8 Rb1 34.
Bc4 Rb4 35. Ba6 Rb6 36. Bc4 Rd6 37. Re2 d3 38. Rd2 Ke5 0-1

[Event "European Rapid 2022"]
[Site "Katowice POL"]
[Date "2022.12.17"]
[Round "1.14"]
[White "Mastrovasilis, Dimitrios"]
[Black "Chiszko, Oskar"]
[Result "1-0"]
[WhiteTitle "GM"]
[WhiteElo "2605"]
[BlackElo "1657"]
[WhiteFideId "4202694"]
[BlackFideId "21894353"]
[EventDate "2022.12.17"]

1. e4 c5 2. Nf3 d6 3. d4 cxd4 4. Nxd4 Nf6 5. f3 a6 6. c4 e5 7. Nb3 Be6 8. Nc3
Be7 9. Be3 Nbd7 10. Qd2 Rc8 11. Nd5 Bxd5 12. cxd5 Nc5 13. Nxc5 dxc5 14. Be2 O-O
15. O-O Qc7 16. Rfc1 Nd7 17. Rc2 b5 18. d6 Qxd6 19. Qxd6 Bxd6 20. Rd1 Rc6 21.
Rcd2 Nb6 22. Rxd6 Rxd6 23. Rxd6 Na4 24. Rxa6 c4 25. Bxc4 Nxb2 26. Bxb5 Nd1 27.
Bc5 Rc8 28. Bc6 Nc3 29. a3 Ne2+ 30. Kf1 Nd4 31. Bxd4 exd4 32. Ra8 1-0

[Event "European Rapid 2022"]
[Site "Katowice POL"]
[Date "2022.12.17"]
[Round "1.15"]
[White "Matczyk, Jan"]
[Black "Sargsyan, Shant"]
[Result "0-1"]
[BlackTitle "GM"]
[WhiteElo "1467"]
[BlackElo "2645"]
[WhiteFideId "1153242"]
[BlackFideId "13306766"]
[EventDate "2022.12.17"]

1. e4 b6 2. Nc3 Bb7 3. g3 g6 4. Bg2 Bg7 5. Nge2 c5 6. O-O Nc6 7. d3 e6 8. f4
Nge7 9. e5 d6 10. exd6 Qxd6 11. g4 O-O 12. Ng3 f5 13. gxf5 exf5 14. Re1 Rae8 15.
Bd2 Qd7 16. Rb1 Nd4 17. Bxb7 Qxb7 18. Rf1 b5 19. Be3 b4 20. Nce2 Nd5 21. Bxd4
cxd4 22. Rf2 Ne3 23. Qd2 a5 24. c3 dxc3 25. bxc3 bxc3 26. Nxc3 Qc6 27. Nce2 h5
28. Qxa5 h4 29. Rb6 Qc2 30. Nf1 Ng4 31. Qd5+ Kh7 32. Qf3 Nxf2 0-1

[Event "European Rapid 2022"]
[Site "Katowice POL"]
[Date "2022.12.17"]
[Round "1.16"]
[White "Azarov, Sergei"]
[Black "Schulz, Dennis"]
[Result "1-0"]
[WhiteTitle "GM"]
[WhiteElo "2562"]
[BlackElo "1697"]
[WhiteFideId "13501470"]
[BlackFideId "16241231"]
[EventDate "2022.12.17"]

1. e4 c6 2. d4 d5 3. e5 Bf5 4. Nf3 e6 5. Be2 c5 6. Be3 Qb6 7. Nc3 Nc6 8. O-O
Qxb2 9. Qe1 cxd4 10. Bxd4 Nxd4 11. Nxd4 Bb4 12. Ndb5 Bxc3 13. Nxc3 O-O-O 14. Rb1
Qa3 15. Nb5 Qc5 16. Qa5 Qe7 17. Nxa7+ Kd7 18. Bb5# 1-0

[Event "European Rapid 2022"]
[Site "Katowice POL"]
[Date "2022.12.17"]
[Round "1.17"]
[White "Sadzikowski, Marian"]
[Black "Pultinevicius, Paulius"]
[Result "0-1"]
[BlackTitle "GM"]
[WhiteElo "1686"]
[BlackElo "2561"]
[WhiteFideId "1121154"]
[BlackFideId "12809390"]
[EventDate "2022.12.17"]

1. e4 c6 2. f4 d5 3. e5 c5 4. Bb5+ Nc6 5. Nf3 Qb6 6. Bxc6+ Qxc6 7. d3 Nh6 8. O-O
Nf5 9. c3 h5 10. Na3 h4 11. Nc2 h3 12. g4 Nh6 13. g5 Nf5 14. Ne3 Nxe3 15. Bxe3
Bf5 16. d4 c4 17. Bf2 e6 18. Be1 g6 19. Qd2 Be7 20. Qe3 Kf8 21. Nh4 Bd3 22. Rf3
Kg7 23. Rxh3 Rh5 24. Ng2 Rxh3 25. Qxh3 Qb5 26. Qe3 Qxb2 27. Qc1 Ba3 28. Qxb2
Bxb2 29. Rd1 b5 30. Bd2 a5 31. Kf2 Be4 32. Ne3 b4 33. cxb4 c3 34. Bc1 axb4 35.
Nf1 Rxa2 36. Ke3 Ra1 0-1

[Event "European Rapid 2022"]
[Site "Katowice POL"]
[Date "2022.12.17"]
[Round "1.18"]
[White "Saric, Ante"]
[Black "Ivanov, Taras"]
[Result "1-0"]
[WhiteTitle "GM"]
[WhiteElo "2504"]
[BlackElo "1716"]
[WhiteFideId "14506254"]
[BlackFideId "14184117"]
[EventDate "2022.12.17"]

1. Nf3 d5 2. g3 Nf6 3. Bg2 e6 4. O-O Be7 5. c4 c6 6. Qc2 O-O 7. d4 dxc4 8. Qxc4
b5 9. Qc2 Bb7 10. Rd1 Qb6 11. Ne5 Rd8 12. Nc3 Nbd7 13. Bg5 h6 14. Nxd7 Rxd7 15.
Bxf6 Bxf6 16. e3 Rc8 17. Ne4 Be7 18. Rac1 Rdd8 19. Nc5 Bxc5 20. Qxc5 Qxc5 21.
Rxc5 Kf8 22. Rdc1 Rd6 23. a4 a6 24. a5 Ke7 25. f4 f6 26. Kf2 Kd7 27. h4 Ke7 28.
g4 Kf7 29. Be4 Ke7 30. Kg3 Kf7 31. g5 hxg5 32. hxg5 f5 33. Bf3 g6 34. R5c2 Kg7
35. Kf2 Rh8 36. Kg2 Rc8 37. Kg3 Kf7 38. Rh1 Rg8 39. Kf2 Kg7 40. Ke2 Rc8 41. Kd3
Rh8 42. Rxh8 Kxh8 43. Kc3 Rd7 44. Bg2 Kg7 45. Kb4 c5+ 46. dxc5 Bxg2 47. Rxg2 1-0

[Event "European Rapid 2022"]
[Site "Katowice POL"]
[Date "2022.12.17"]
[Round "1.19"]
[White "Baryla, Lukasz"]
[Black "Kosteniuk, Alexandra"]
[Result "0-1"]
[BlackTitle "GM"]
[WhiteElo "1726"]
[BlackElo "2520"]
[WhiteFideId "1160540"]
[BlackFideId "4128125"]
[EventDate "2022.12.17"]

1. e4 c6 2. d4 d5 3. exd5 cxd5 4. Bd3 Nc6 5. c3 Nf6 6. h3 g6 7. Bf4 Bf5 8. Nf3
Qb6 9. b3 Bg7 10. O-O O-O 11. Bxf5 gxf5 12. Nbd2 Rac8 13. Rc1 Ne4 14. Nxe4 fxe4
15. Ne5 Nxe5 16. Bxe5 Bh6 17. Qg4+ Qg6 18. Qxg6+ hxg6 19. Rc2 f6 20. Bh2 Rc6 21.
f4 Rfc8 22. Rfc1 e5 23. g3 exd4 24. c4 d3 0-1

[Event "European Rapid 2022"]
[Site "Katowice POL"]
[Date "2022.12.17"]
[Round "1.20"]
[White "Tregubov, Pavel V."]
[Black "Kowalik, Bartosz"]
[Result "1-0"]
[WhiteTitle "GM"]
[WhiteElo "2553"]
[BlackElo "1694"]
[WhiteFideId "4115341"]
[BlackFideId "21819459"]
[EventDate "2022.12.17"]

1. e4 c5 2. Nf3 d6 3. Bb5+ Nd7 4. Ba4 a6 5. c3 b5 6. Bc2 Bb7 7. d4 cxd4 8. cxd4
g6 9. O-O Bg7 10. Re1 e6 11. Bf4 Nb6 12. a4 Ne7 13. axb5 axb5 14. Nc3 Rxa1 15.
Qxa1 Bc6 16. Qa6 O-O 17. Nxb5 Bxb5 18. Qxb5 d5 19. e5 Qc7 20. Qe2 Rb8 21. b3 Nc6
22. Rc1 Qb7 23. h4 Nb4 24. Bb1 Rc8 25. h5 Rxc1+ 26. Bxc1 Nd7 27. hxg6 hxg6 28.
Ng5 Bh6 29. Qf3 Bxg5 30. Bxg5 Nc6 31. Qc3 Qb6 32. Be3 Ndb8 33. Bd3 Qb4 34. Qxb4
Nxb4 35. Bb5 N4c6 36. Kf1 Kf8 37. Ke2 Ke7 38. Kd3 Nb4+ 39. Kc3 Na2+ 40. Kb2 Nb4
41. Bg5+ Kf8 42. Bd8 N8c6 43. Bb6 Ke7 44. Bc5+ Kd8 45. Kc3 Na2+ 46. Kd2 Nab4 47.
f4 Kc7 48. Bxb4 Nxb4 49. Be8 Nc6 50. Bxc6 Kxc6 51. Kc3 Kb5 52. b4 Ka4 53. g3 Kb5
54. Kb3 Kb6 55. Ka4 Ka6 56. b5+ Kb6 57. Kb4 1-0

[Event "European Rapid 2022"]
[Site "Katowice POL"]
[Date "2022.12.17"]
[Round "1.21"]
[White "Myrmus, Mateusz"]
[Black "Oleksiyenko, Mykhaylo"]
[Result "1/2-1/2"]
[BlackTitle "GM"]
[WhiteElo "2012"]
[BlackElo "2594"]
[WhiteFideId "21825335"]
[BlackFideId "4152417"]
[EventDate "2022.12.17"]

1. e4 e5 2. Nf3 Nc6 3. Bc4 Bc5 4. d3 Nf6 5. O-O d6 6. h3 a6 7. Nc3 Na5 8. Bb3
Nxb3 9. axb3 h6 10. Ne2 O-O 11. Ng3 Re8 12. Be3 Bxe3 13. fxe3 Be6 14. Qe1 c6 15.
Nh4 d5 16. exd5 cxd5 17. Nhf5 g6 18. Nxh6+ Kg7 19. Ng4 Bxg4 20. hxg4 Nxg4 21.
Qe2 Qh4 22. Rf3 Rh8 23. Qe1 e4 24. dxe4 dxe4 25. Rf4 f5 26. Rd1 Qh2+ 27. Kf1
Rad8 28. Rxd8 Rxd8 29. Qc3+ Kh6 30. Rxg4 fxg4 31. Qf6 Rd1+ 32. Ke2 Qxg3 33. Kxd1
Qxg2 34. Qh4+ Kg7 35. Qe7+ Kh6 36. Qh4+ Kg7 37. Qe7+ Kh6 1/2-1/2

[Event "European Rapid 2022"]
[Site "Katowice POL"]
[Date "2022.12.17"]
[Round "1.22"]
[White "Bartel, Mateusz"]
[Black "Bogusz, Alan"]
[Result "1-0"]
[WhiteTitle "GM"]
[WhiteElo "2627"]
[BlackElo "1822"]
[WhiteFideId "1112635"]
[BlackFideId "21810060"]
[EventDate "2022.12.17"]

1. Nf3 d5 2. c4 e6 3. g3 Nf6 4. Bg2 c5 5. d4 Nc6 6. O-O dxc4 7. dxc5 Qxd1 8.
Rxd1 Bxc5 9. Nbd2 c3 10. bxc3 O-O 11. Nb3 Bb6 12. Ba3 Re8 13. Nfd4 Nxd4 14. cxd4
Nd5 15. Rdc1 Bd7 16. e4 Nc7 17. Bc5 Rec8 18. a4 Bc6 19. a5 Bxc5 20. Nxc5 a6 21.
Rab1 Rab8 22. Rb6 Nb5 23. d5 exd5 24. exd5 Bd7 25. Bf1 Be8 26. d6 Bc6 27. Nxa6
bxa6 28. Rcxc6 1-0

[Event "European Rapid 2022"]
[Site "Katowice POL"]
[Date "2022.12.17"]
[Round "1.23"]
[White "Lechowski, Witold"]
[Black "Yuffa, Daniil"]
[Result "0-1"]
[BlackTitle "GM"]
[WhiteElo "1641"]
[BlackElo "2587"]
[WhiteFideId "21040338"]
[BlackFideId "24131423"]
[EventDate "2022.12.17"]

1. Nf3 d5 2. g3 c6 3. Bg2 Bg4 4. d4 e6 5. O-O Nf6 6. c4 Be7 7. Nc3 O-O 8. b3
Nbd7 9. Bb2 Bh5 10. Qd2 Ne4 11. Nxe4 dxe4 12. Ne1 f5 13. f3 Bg5 14. f4 Bf6 15.
Nc2 c5 16. e3 cxd4 17. Nxd4 Nc5 18. Ba3 b6 19. Rfe1 Qd7 20. Bf1 Rfd8 21. Bb2 a5
22. Bc3 e5 23. fxe5 Bxe5 24. Be2 Bxe2 25. Qxe2 Nd3 26. Rf1 Rf8 27. Rad1 Rf6 28.
Rxd3 exd3 29. Qxd3 Re8 30. Rf3 g6 31. Kg2 Rd6 32. h3 Bg7 33. a4 Rde6 34. Kf2 Re4
35. h4 h5 36. Ba1 Bh6 37. c5 Bxe3+ 38. Rxe3 Rxe3 39. Qc4+ Qf7 40. Qxf7+ Kxf7 41.
c6 Rd3 42. Nb5 Rc8 43. c7 Rd5 44. Bd4 Rxd4 45. Nxd4 Rxc7 46. Kf3 Kf6 47. Ne2 Ke5
48. Ke3 Rc2 49. Nf4 Rc3+ 50. Kf2 Rxb3 51. Nxg6+ Ke4 52. Nf4 Rf3+ 0-1

[Event "European Rapid 2022"]
[Site "Katowice POL"]
[Date "2022.12.17"]
[Round "1.24"]
[White "Vogel, Roven"]
[Black "Brzezina, Piotr"]
[Result "1-0"]
[WhiteTitle "IM"]
[WhiteElo "2463"]
[BlackElo "1868"]
[WhiteFideId "12908088"]
[BlackFideId "21078874"]
[EventDate "2022.12.17"]

1. d4 Nf6 2. c4 e6 3. Nf3 b6 4. a3 Bb7 5. Nc3 Be7 6. d5 exd5 7. cxd5 d6 8. g3
O-O 9. Bg2 Nbd7 10. Nd4 Re8 11. O-O Bf8 12. Nc6 Bxc6 13. dxc6 Ne5 14. Bg5 Be7
15. Qc2 h6 16. Bf4 Ng6 17. Be3 Qc8 18. a4 a6 19. Bd4 Qe6 20. h3 Bf8 21. b3 Ne7
22. Rad1 g6 23. e4 Bg7 24. Ne2 Nh7 25. Nf4 Qc8 26. Bxg7 Kxg7 27. Qc3+ f6 28. h4
Rg8 29. Bh3 Qe8 30. Ne6+ Kh8 31. Nxc7 Qb8 32. Nxa8 Qxa8 33. Rxd6 1-0

[Event "European Rapid 2022"]
[Site "Katowice POL"]
[Date "2022.12.17"]
[Round "1.25"]
[White "Misecka, Kamil"]
[Black "Moroni, Luca Jr"]
[Result "0-1"]
[BlackTitle "GM"]
[WhiteElo "1807"]
[BlackElo "2576"]
[WhiteFideId "14936410"]
[BlackFideId "865834"]
[EventDate "2022.12.17"]

1. e4 d6 2. d4 g6 3. Nc3 Bg7 4. Be3 Nf6 5. f3 O-O 6. Qd2 e5 7. d5 c6 8. O-O-O
cxd5 9. Nxd5 Nxd5 10. Qxd5 Nc6 11. Qxd6 Qa5 12. a3 Be6 13. Qc5 Qc7 14. Bb5 Rfc8
15. Ne2 Bf8 16. Qc3 Qb8 17. Qd2 a6 18. Bd3 b5 19. Bh6 Be7 20. h4 b4 21. a4 b3
22. c3 Qc7 23. h5 Qa5 24. hxg6 fxg6 25. Bg5 Bf8 26. Bh6 Bc5 27. Bg7 Qb6 28. Bh6
Nb4 29. Qg5 Ra7 30. Qxe5 Re7 31. Qg3 Rd7 32. f4 Be3+ 33. Kb1 Rxd3 34. Rxd3 Nxd3
35. f5 Bxh6 36. Rxh6 Bc4 37. fxg6 Qf2 38. gxh7+ Kh8 39. Qg5 Rf8 40. Nc1 Qxb2# 0-1

[Event "European Rapid 2022"]
[Site "Katowice POL"]
[Date "2022.12.17"]
[Round "1.26"]
[White "Piorun, Kacper"]
[Black "Gniado, Radoslaw"]
[Result "1-0"]
[WhiteTitle "GM"]
[WhiteElo "2611"]
[BlackElo "1751"]
[WhiteFideId "1130420"]
[BlackFideId "1189239"]
[EventDate "2022.12.17"]

1. e4 e5 2. Bc4 Nf6 3. d3 d5 4. exd5 Nxd5 5. Nf3 Nc6 6. O-O Be7 7. Re1 Bg4 8. h3
Bxf3 9. Qxf3 Nf6 10. Bb5 Qd6 11. Bxc6+ bxc6 12. Nd2 O-O 13. Nc4 Qb4 14. Bd2 Qb7
15. Rxe5 Bd6 16. Re2 Rae8 17. Rae1 Rxe2 18. Rxe2 Qa6 19. a3 Qb5 20. b3 c5 21. a4
Qb8 22. Bc3 Nd7 23. Qg4 Ne5 24. Nxe5 Bxe5 25. Rxe5 f6 26. Re7 Rf7 27. Qe6 Qf8
28. Re8 Qxe8 29. Qxe8+ Rf8 30. Qc6 Kf7 31. Qxc5 Re8 32. Qxa7 Re2 33. Qxc7+ Kg6
34. a5 Rxc2 35. a6 Ra2 36. a7 h5 37. Qb7 h4 38. a8=Q Re2 39. Qf8 Kh6 40. Qbxg7+
Kh5 41. Qh6# 1-0

[Event "European Rapid 2022"]
[Site "Katowice POL"]
[Date "2022.12.17"]
[Round "1.27"]
[White "Kozlowski, Marcin"]
[Black "Sahidi, Samir"]
[Result "0-1"]
[BlackTitle "IM"]
[WhiteElo "1674"]
[BlackElo "2494"]
[WhiteFideId "1157116"]
[BlackFideId "14936372"]
[EventDate "2022.12.17"]

1. e4 c5 2. Nf3 d6 3. d4 cxd4 4. Nxd4 Nf6 5. Nc3 a6 6. Bg5 e6 7. f4 Nbd7 8. Qf3
Qc7 9. O-O-O b5 10. g4 Bb7 11. a3 Be7 12. Bg2 Nc5 13. Bxf6 gxf6 14. f5 Rc8 15.
Qe2 e5 16. Nf3 Qb6 17. Nd5 Bxd5 18. Rxd5 b4 19. Qe3 bxa3 20. Qxa3 Qc6 21. Ne1 h5
22. h3 Bf8 23. b4 Nd7 24. Qb3 Bh6+ 25. Kb1 Nb6 26. Rd3 Nc4 27. Ka2 Ke7 28. Rc3
Bd2 29. Rxc4 Qxc4 30. Qxc4 Rxc4 0-1

[Event "European Rapid 2022"]
[Site "Katowice POL"]
[Date "2022.12.17"]
[Round "1.28"]
[White "Laurusas, Tomas"]
[Black "Czernecki, Andrzej"]
[Result "1-0"]
[WhiteTitle "GM"]
[WhiteElo "2567"]
[BlackElo "1812"]
[WhiteFideId "12803731"]
[BlackFideId "21810117"]
[EventDate "2022.12.17"]

1. c4 Nf6 2. Nc3 e5 3. Nf3 Nc6 4. e3 Be7 5. Be2 O-O 6. O-O d5 7. cxd5 Nxd5 8. d3
Be6 9. Bd2 Qd7 10. a3 Rad8 11. Qc2 f5 12. b4 Bf6 13. Rac1 a6 14. Na4 Qf7 15. Nc5
Bc8 16. Nxa6 Na7 17. Nxc7 Nxc7 18. Qxc7 Qxc7 19. Rxc7 e4 20. dxe4 fxe4 21. Nd4
Bxd4 22. exd4 Nc6 23. d5 Nd4 24. Bc4 b5 25. Ba2 Rd6 26. Be3 Nf3+ 27. Kh1 Bg4 28.
h3 Rff6 29. Rc6 g5 30. Rxd6 Rxd6 31. gxf3 Bxh3 32. Rg1 exf3 33. Rxg5+ Kf7 34.
Kh2 Bd7 35. Kg3 h6 36. Re5 Ra6 37. d6+ Kf6 38. Bd4 1-0

[Event "European Rapid 2022"]
[Site "Katowice POL"]
[Date "2022.12.17"]
[Round "1.29"]
[White "Petrenko, Maryna"]
[Black "Mikhalchishin, Adrian"]
[Result "0-1"]
[BlackTitle "GM"]
[WhiteElo "1559"]
[BlackElo "2455"]
[WhiteFideId "14197820"]
[BlackFideId "14602385"]
[EventDate "2022.12.17"]

1. d4 Nf6 2. Nf3 c5 3. g3 cxd4 4. Nxd4 e5 5. Nb3 d5 6. Bg2 Nc6 7. Bg5 Be6 8. Nc3
d4 9. Ne4 Be7 10. Nxf6+ gxf6 11. Bd2 Bd5 12. Bxd5 Qxd5 13. Rg1 O-O-O 14. c3 Kb8
15. cxd4 Nxd4 16. Bc3 Nb5 17. Qxd5 Rxd5 18. Kf1 Nxc3 19. bxc3 Rc8 20. Kg2 Rxc3
21. Rgc1 Rxc1 22. Rxc1 b6 23. g4 a5 24. a4 Kb7 25. Kf3 Rd6 26. Ke4 Rc6 27. Rxc6
Kxc6 28. Kd3 b5 29. Nxa5+ Kb6 30. Nb3 bxa4 31. Nc1 Kb5 32. Na2 Bb4 33. f3 Kc5
34. h3 Be1 35. e3 Kd5 36. Ke2 Ba5 37. Kd3 a3 38. Nc1 Kc5 39. Na2 Kb5 40. Kc2 Kc4
41. Nc1 Bb6 42. e4 Bd4 43. Nb3 a2 44. Nd2+ Kb4 45. Nb3 a1=Q 46. Nxa1 Bxa1 47.
Kb1 Bc3 48. Kc2 Kc4 49. h4 h6 50. h5 Ba5 0-1